Game on? (Record no. 76094)
[ view plain ]
| 000 -LEADER | |
|---|---|
| fixed length control field | 00811cab a2200193 4500 |
| 001 - CONTROL NUMBER | |
| control field | ##L131461 |
| 008 - FIXED-LENGTH DATA ELEMENTS--GENERAL INFORMATION | |
| fixed length control field | 051104n2005 000 0 eng u |
| 035 ## - SYSTEM CONTROL NUMBER | |
| System control number | (Sirsi) u131461 |
| 041 0# - LANGUAGE CODE | |
| Language code of text/sound track or separate title | eng |
| 100 1# - MAIN ENTRY--PERSONAL NAME | |
| Personal name | Fletcher, Jon |
| 245 00 - TITLE STATEMENT | |
| Title | Game on? |
| 260 ## - PUBLICATION, DISTRIBUTION, ETC. | |
| Date of publication, distribution, etc. | 2005 |
| 490 #0 - SERIES STATEMENT | |
| Series statement | QS Week |
| Volume/sequential designation | (25) 12 October 2005, 10-11(2) |
| 520 ## - SUMMARY, ETC. | |
| Summary, etc. | Comments on the draft procurement strategy for the 2012 Olympic Games, recently published by the London Development Agency (LDA). Two of the initial seven priority contracts have already been awarded, but there are concerns that delays in letting the project management contract, and the complexity of the overall decision-making process, may hinder further progress. |
| 590 ## - LOCAL NOTE (RLIN) | |
| Local note | IKA081105 |
| 650 24 - SUBJECT ADDED ENTRY--TOPICAL TERM | |
| Topical term or geographic name entry element | OLYMPIC GAMES 2012 |
| 690 ## - LOCAL SUBJECT ADDED ENTRY--TOPICAL TERM (OCLC, RLIN) | |
| Topical term or geographic name as entry element | Procurement |
| 9 (RLIN) | 6260 |
| 942 ## - ADDED ENTRY ELEMENTS (KOHA) | |
| Suppress in OPAC | 0 |
| Withdrawn status | Lost status | Source of classification or shelving scheme | Damaged status | Not for loan | Home library | Current library | Shelving location | Date acquired | Total Checkouts | Full call number | Barcode | Date last seen | Copy number | Price effective from | Koha item type |
|---|---|---|---|---|---|---|---|---|---|---|---|---|---|---|---|
| Dewey Decimal Classification | London | London | Journal article | 04/11/2005 | L131461 | 131461-1001 | 06/08/2019 | 1 | 06/08/2019 | Journal article |